000 01224nam a2200337Ia 4500
001 ebr10226715
003 CaPaEBR
006 m u
007 cr cn|||||||||
008 070831s2008 njua s 001 0 eng d
020 _z0470194294 (pbk.)
020 _z9780470194294 (pbk.)
040 _aCaPaEBR
_cCaPaEBR
035 _a(OCoLC)608622417
050 1 4 _aHD31
_b.A4118 2008eb
100 1 _aAllen, Kathleen R.
245 1 0 _aComplete MBA for dummies
_h[electronic resource].
250 _a2nd ed. /
_bby Kathleen Allen and Peter Economy.
260 _aHoboken, N.J. :
_bWiley,
_cc2008.
300 _axviii, 414 p. :
_bill.
490 1 _a--For dummies
500 _aIncludes index.
533 _aElectronic reproduction.
_bPalo Alto, Calif. :
_cebrary,
_d2011.
_nAvailable via World Wide Web.
_nAccess may be limited to ebrary affiliated libraries.
650 0 _aMaster of business administration degree.
650 0 _aBusiness education.
655 7 _aElectronic books.
_2local
700 1 _aEconomy, Peter.
710 2 _aebrary, Inc.
830 0 _a--For dummies.
856 4 0 _uhttp://site.ebrary.com/lib/rucke/Doc?id=10226715
_zAn electronic book accessible through the World Wide Web; click to view
999 _c41749
_d41749